000 00507nam a2200121Ia 4500
008 220620s9999||||xx |||||||||||||| ||und||
100 _aYen Kheng Tan
245 0 _aSustainable Energy Harvesting Technologies - Past, Present and Future
546 _aEnglish[eng]
650 _aEngineering||Physical Sciences||Engineering and Technology||Energy Engineering||Sustainability Science
856 _uhttps://www.intechopen.com/books/sustainable-energy-harvesting-technologies-past-present-and-future
942 _cEB
999 _c29376
_d29376